Normal view
MARC view
- Martin, Brian V.,
Entry Personal Name
001 - CONTROL NUMBER
- control field: 19714
003 - CONTROL NUMBER IDENTIFIER
- control field: NUST
005 - DATE AND TIME OF LATEST TRANSACTION
- control field: 20190829115430.0
008 - FIXED-LENGTH DATA ELEMENTS
- fixed length control field: 190829|| aca||aabn | a|a d
040 ## - CATALOGING SOURCE
- Original cataloging agency: NUST
- Transcribing agency: NUST
100 ## - HEADING--PERSONAL NAME
- Personal name: Martin, Brian V.,
- Relator term: joint author.
670 ## - SOURCE DATA FOUND
- Source citation: Work cat.: (NUST)0: Wohl, Martin. 19713, Traffic system analysis for engineers and planners, [1967]
